Tawaja key talib (Record no. 16770)
[ view plain ]
| 000 -LEADER | |
|---|---|
| fixed length control field | 00245nam a22001097a 4500 |
| 008 - FIXED-LENGTH DATA ELEMENTS--GENERAL INFORMATION | |
| fixed length control field | 140103t xxu||||| |||| 00| 0 eng d |
| 020 ## - INTERNATIONAL STANDARD BOOK NUMBER | |
| International Standard Book Number | 969-35-0867-x |
| 100 ## - MAIN ENTRY--PERSONAL NAME | |
| Personal name | Bano Qudsiya |
| 9 (RLIN) | 498 |
| 245 ## - TITLE STATEMENT | |
| Title | Tawaja key talib |
| 300 ## - PHYSICAL DESCRIPTION | |
| Extent | 000 |
| 942 ## - ADDED ENTRY ELEMENTS (KOHA) | |
| Source of classification or shelving scheme | |
| Koha item type | Book |
| Withdrawn status | Lost status | Source of classification or shelving scheme | Damaged status | Not for loan | Collection code | Permanent Location | Current Location | Date acquired | Total Checkouts | Full call number | Barcode | Date last seen | Price effective from | Koha item type |
|---|---|---|---|---|---|---|---|---|---|---|---|---|---|---|
| Atta-ur-Rahman School of Applied Biosciences (ASAB) | Atta-ur-Rahman School of Applied Biosciences (ASAB) | 01/03/2014 | Fic Qudsiya | ASAB2924 | 01/03/2014 | 01/03/2014 | Book | |||||||
| Atta-ur-Rahman School of Applied Biosciences (ASAB) | Atta-ur-Rahman School of Applied Biosciences (ASAB) | 01/03/2014 | Fic Qudsiya | ASAB2923 | 01/03/2014 | 01/03/2014 | Book | |||||||
| Atta-ur-Rahman School of Applied Biosciences (ASAB) | Atta-ur-Rahman School of Applied Biosciences (ASAB) | 01/03/2014 | Fic Qudsiya | ASAB2922 | 01/03/2014 | 01/03/2014 | Book | |||||||
| Atta-ur-Rahman School of Applied Biosciences (ASAB) | Atta-ur-Rahman School of Applied Biosciences (ASAB) | 01/03/2014 | Fic Qudsiya | ASAB2921 | 01/03/2014 | 01/03/2014 | Book | |||||||
| Atta-ur-Rahman School of Applied Biosciences (ASAB) | Atta-ur-Rahman School of Applied Biosciences (ASAB) | 01/03/2014 | Fic Qudsiya | ASAB2920 | 12/17/2015 | 01/03/2014 | Book |
